| 000 | 01063pam a2200313 a 4500 | ||
|---|---|---|---|
| 001 | BD-DhNSU-30662 | ||
| 003 | BD-DhNSU | ||
| 005 | 20250210112133.0 | ||
| 008 | 250210s1992 sz a g b 000 0 eng d | ||
| 020 | _a9783764327231 | ||
| 040 |
_aDLC _cBD-DhNSU _dBD-DhNSU |
||
| 041 | _aeng | ||
| 050 | 0 | 0 |
_aQA377 _b.L48 1992 |
| 082 | 0 | 0 |
_a515/.353 _220 |
| 100 | 1 | _aLeVeque, Randall J., | |
| 245 | 1 | 0 |
_aNumerical methods for conservation laws / _cRandall J. LeVeque. |
| 250 | _a2nd ed. | ||
| 260 |
_aBoston : _bSpringer Basel AG, _cc1992. |
||
| 300 |
_a214 p. : _bill. ; _c24 cm. |
||
| 490 | _aLectures in mathematics ETH Zürich | ||
| 504 | _aIncludes bibliographical references (p. 208-214). | ||
| 526 | _aMathematics, Physics and Statistics | ||
| 590 | _aSumaiya Kainat Bintey Kohinoor | ||
| 650 | 0 |
_aDifferential equations, Hyperbolic _xNumerical solutions. |
|
| 650 | 0 | _aConservation laws (Mathematics) | |
| 650 | 0 | _aShock waves. | |
| 856 | 4 | 2 |
_3Publisher description _uhttp://www.loc.gov/catdir/enhancements/fy0812/92003400-d.html |
| 942 |
_2lcc _cBK |
||
| 999 |
_c30662 _d30662 |
||